Plánování investic a technického rozvoje Plánování vědeckotechnického rozvoje 1
Salvato in:
| Autore principale: | |
|---|---|
| Altri autori: | |
| Natura: | Libro |
| Lingua: | ceco |
| Pubblicazione: |
Ostrava
Vysoká škola báňská
1986
|
| Edizione: | 1. vyd. |
| Tags: |
Nessun Tag, puoi essere il primo ad aggiungerne!!
|
MARC
| LEADER | 00000nam a2200000 4500 | ||
|---|---|---|---|
| 001 | c034968 | ||
| 005 | 20221220072317.0 | ||
| 041 | 0 | |a cze | |
| 044 | |a CZ | ||
| 245 | 1 | 0 | |a Plánování investic a technického rozvoje |b Plánování vědeckotechnického rozvoje 1 |c Karel Vítek, Josef Hubáček |
| 250 | |a 1. vyd. | ||
| 264 | 1 | |a Ostrava |b Vysoká škola báňská |c 1986 | |
| 300 | |a 144 s. | ||
| 100 | 1 | |a Vítek, Karel | |
| 700 | 1 | |a Hubáček, Josef | |